The economist looks at society / (Record no. 58181)
[ view plain ]
| 000 -LEADER | |
|---|---|
| fixed length control field | 00881nam a2200277 a 4500 |
| 001 - CONTROL NUMBER | |
| control field | 58181 |
| 003 - CONTROL NUMBER IDENTIFIER | |
| rucl marc code | BD-RjUL |
| 005 - DATE AND TIME OF LATEST TRANSACTION | |
| control field | 20211209080608.0 |
| 008 - FIXED-LENGTH DATA ELEMENTS--GENERAL INFORMATION | |
| fixed length control field | 161217s1973 enka b 001 0 eng |
| 020 ## - INTERNATIONAL STANDARD BOOK NUMBER | |
| International Standard Book Number | 0536009503 |
| 035 ## - SYSTEM CONTROL NUMBER | |
| System control number | (BD-RjUL)58305 |
| 040 ## - CATALOGING SOURCE | |
| Original cataloging agency | DLC |
| Transcribing agency | DLC |
| Modifying agency | BD-RjUL |
| Language of cataloging | eng |
| 041 ## - LANGUAGE CODE | |
| Language code of text/sound track or separate title | eng |
| 082 ## - DEWEY DECIMAL CLASSIFICATION NUMBER | |
| Edition number | 23 |
| Classification number | 301 |
| Author mark and year | SCE 1973 |
| 100 1# - MAIN ENTRY--PERSONAL NAME | |
| Personal name | Schachter, Gustav. |
| 9 (RLIN) | 172822 |
| 245 14 - TITLE STATEMENT | |
| Title | The economist looks at society / |
| Statement of responsibility, etc. | [Edited by] Gustav Schachter [and] Edwin L. Dale, Jr. Contributing authors: Alan B. Batchelder [and others] |
| 260 ## - PUBLICATION, DISTRIBUTION, ETC. (IMPRINT) | |
| Place of publication, distribution, etc. | Lexington, Mass.: |
| Name of publisher, distributor, etc. | Xerox, |
| Date of publication, distribution, etc. | c1973 |
| 300 ## - PHYSICAL DESCRIPTION | |
| Pagination | xiii, 373 p. : |
| Illustrations | ill. ; |
| Size | 24 cm. |
| 500 ## - GENERAL NOTE | |
| General note | Includes index |
| 650 #0 - SUBJECT ADDED ENTRY--TOPICAL TERM | |
| Topical term or geographic name as entry element | Social problems. |
| 9 (RLIN) | 170755 |
| Topical term or geographic name as entry element | Economics. |
| 9 (RLIN) | 170576 |
| 700 1# - ADDED ENTRY--PERSONAL NAME | |
| Personal name | Dale, Edwin L., |
| Relator term | joint author. |
| Personal name | Batchelder, Alan B. |
| 942 ## - ADDED ENTRY ELEMENTS (KOHA) | |
| Source of classification or shelving scheme | Dewey Decimal Classification |
| Koha item type | Books |
| Lost status | Source of classification or shelving scheme | Damaged status | Not for loan | Collection code | Permanent Location | Current Location | Shelving location | Date acquired | Source of acquisition | Total Checkouts | Full call number | Date last seen | Copy number | Koha item type |
|---|---|---|---|---|---|---|---|---|---|---|---|---|---|---|
| Dewey Decimal Classification | Not For Loan | Non-fiction | Central Library, University of Rajshahi | Central Library, University of Rajshahi | 28/08/1989 | Asia foundation | 301 SCE 1973 | 17/12/2016 | C-1 | Books |